Statistics for National Animal Personifications by Picture

Click here to take the quiz!

General Stats

  • This quiz has been taken 21 times
  • The average score is 8 of 11

Answer Stats

Answer% Correct
China
100%
Australia
100%
United States
95%
New Zealand
95%
Russia
89%
United Kingdom
79%
France
74%
Thailand
68%
Japan
63%
Bangladesh
53%
Europe
16%

Score Distribution

Percentile by Number Answered

Percent of People with Each Score

Your Score History

You have not taken this quiz